| Tag |
First Indicator |
Second Indicator |
Subfields |
| LEADER |
00000cam a2200000 a 4500 |
| 001 |
in00000032287 |
| 005 |
20151007060448.0 |
| 008 |
870903s1987 vauab b 00010 eng d |
| 020 |
|
|
|a 0937294896
|
| 035 |
|
|
|a (OCoLC)16637149
|
| 035 |
|
|
|9 AAC0908AM
|
| 040 |
|
|
|a MUU
|c MUU
|d TXA
|d UtOrBLW
|
| 049 |
|
|
|a TXAM
|c [A11076045]
|
| 050 |
|
4 |
|a QH84
|b .G5 1987
|
| 245 |
0 |
0 |
|a Geographic information systems for resource management :
|b a compendium /
|c William J. Ripple, editor.
|
| 264 |
|
1 |
|a Falls Church, VA :
|b American Society for Photogrammetry and Remote Sensing and American Congress on Surveying and Mapping,
|c [1987]
|
| 264 |
|
4 |
|c ©1987
|
| 300 |
|
|
|a v, 288 pages :
|b illustrations, maps ;
|c 28 cm.
|
| 336 |
|
|
|a text
|b txt
|2 rdacontent
|
| 337 |
|
|
|a unmediated
|b n
|2 rdamedia
|
| 338 |
|
|
|a volume
|b nc
|2 rdacarrier
|
| 500 |
|
|
|a Cover title: G I S for resource management: a compendium.
|
| 504 |
|
|
|a Bibliography: pages 273-288.
|
| 650 |
|
0 |
|a Biogeography
|x Data processing.
|
| 650 |
|
0 |
|a Biogeography
|x Information services.
|
| 650 |
|
0 |
|a Information storage and retrieval systems.
|
| 700 |
1 |
|
|a Ripple, William J.
|
| 740 |
0 |
|
|a G I S for resource management: a compendium.
|
| 999 |
|
|
|a MARS
|
| 999 |
f |
f |
|s 2ceb3435-2c5f-38ed-8020-2ab50746303a
|i 82b2d4c8-7240-365c-bef8-aff3df4a626c
|t 0
|
| 952 |
f |
f |
|p ric
|a Texas A&M University
|b Rellis Campus
|c Joint Library Facility
|d Remote Storage
|t 0
|e QH84 .G5 1987
|h Library of Congress classification
|i unmediated -- volume
|m A14811076045
|
| 998 |
f |
f |
|a QH84 .G5 1987
|t 0
|l Remote Storage
|